CJP Builders Limited v William Verry Limited (Record no. 80855)
[ view plain ]
| 000 -LEADER | |
|---|---|
| fixed length control field | 02089cad a22002295a 4500 |
| 001 - CONTROL NUMBER | |
| control field | L145525 |
| 008 - FIXED-LENGTH DATA ELEMENTS--GENERAL INFORMATION | |
| fixed length control field | 081020e20080815xxk f v 000 0 eng d |
| 035 ## - SYSTEM CONTROL NUMBER | |
| System control number | (Sirsi) u145525 |
| 041 0# - LANGUAGE CODE | |
| Language code of text/sound track or separate title | eng |
| 245 00 - TITLE STATEMENT | |
| Title | CJP Builders Limited v William Verry Limited |
| Medium | [electronic resource] |
| 260 ## - PUBLICATION, DISTRIBUTION, ETC. | |
| Date of publication, distribution, etc. | 2008 |
| 520 ## - SUMMARY, ETC. | |
| Summary, etc. | [2008] EWHC 2025 (TCC), 15 August 2008. The case turned around the wording of a sub-contract and the right for an adjudicator to extend the time to answer a referral to adjudication, as not doing so was in effect a breach of the party's right under natural justice to be heard. Verry (V) sub-contracted with CJP Builders (C) to carry out work at a construction project. (V) did not pay (C) an interim payment. (C) claimed by adjudication the interim payment. The subcontract required (V) to respond within seven days. (V) answered late. The adjudicator disregarded that delayed answer and ordered (V) to pay (C). (C) asked for respect of the adjudicator's decision. (V) asked for the meaning of the sub-contract, contested the jurisdiction of the adjudicator, as well as the fact of disregarding his answer as a breach of his natural right to be heard; and claimed that (C) was not entitled to the payment that he required. "Held": The judge rejected the adjudicator's decision on the basis that the subcontract did allow him to consider (V)'s delayed answer. (C) is only entitled to the payment of sums properly due for work done by it. |
| 590 ## - LOCAL NOTE (RLIN) | |
| Local note | KA |
| 650 24 - SUBJECT ADDED ENTRY--TOPICAL TERM | |
| Topical term or geographic name entry element | CJP BUILDERS LIMITED V WILLIAM VERRY LIMITED |
| 650 24 - SUBJECT ADDED ENTRY--TOPICAL TERM | |
| Topical term or geographic name entry element | THOMAS-FREDRIC'S (CONSTRUCTION) LTD V WILSON PROJECT CONSULTANCY GROUP V TRUSTEES OF THE GRAY TRUST |
| 650 24 - SUBJECT ADDED ENTRY--TOPICAL TERM | |
| Topical term or geographic name entry element | CANTILLON LTD V URVASCO LTD |
| 650 24 - SUBJECT ADDED ENTRY--TOPICAL TERM | |
| Topical term or geographic name entry element | BUXTON BUILDING CONTRACTORS V DURAND PRIMARY SCHOOL GOVERNORS |
| 651 #4 - SUBJECT ADDED ENTRY--GEOGRAPHIC NAME | |
| Geographic name | England and Wales |
| Chronological subdivision | 1543- |
| 690 ## - LOCAL SUBJECT ADDED ENTRY--TOPICAL TERM (OCLC, RLIN) | |
| Topical term or geographic name as entry element | MANAGEMENT-DISPUTE AVOIDANCE, MANAGEMENT AND RESOLUTION-DISPUTE MANAGEMENT AND RESOLUTION-ALTERNATIVE DISPUTE RESOLUTION-ADJUDICATION |
| 856 40 - ELECTRONIC LOCATION AND ACCESS | |
| Uniform Resource Identifier | <a href="https://www.bailii.org/ew/cases/EWHC/TCC/2008/2025.html">https://www.bailii.org/ew/cases/EWHC/TCC/2008/2025.html</a> |
| Public note | View the case free of charge at www.bailli.org... |
| 942 ## - ADDED ENTRY ELEMENTS (KOHA) | |
| Suppress in OPAC | 0 |
| Withdrawn status | Lost status | Source of classification or shelving scheme | Damaged status | Not for loan | Home library | Current library | Shelving location | Date acquired | Total Checkouts | Full call number | Barcode | Date last seen | Copy number | Price effective from | Koha item type |
|---|---|---|---|---|---|---|---|---|---|---|---|---|---|---|---|
| Dewey Decimal Classification | Virtual | Virtual | Online | 20/10/2008 | ONLINE PUBLICATION | 145525-2001 | 06/08/2019 | 1 | 06/08/2019 | Law report |